000
00306nam a2200121Ia 4500
005
20251222152011.0
008
251222s9999||||xx |||||||||||||| ||spa||
020
_a
978-612-45942-6-7
082
_a
REF.631.803/S24
245
0
_a
Diccionario de especialidades agroquémicas
250
_a
5a.ed.
942
_c
LIB
999
_c
24919
_d
24919